Movie Taglines III Quiz Stats

 Plays Quiz Updated Nov 5, 2018

Support Sporcle.
Go Orange.
Score 0/20 Timer 06:00
4 Plays Today
Tagline Movie Title % Correct
He's having the worst day of his life...over, and over... Groundhog Day
75.2%
Someone has taken their love of scary movies, one step too far...Scream
49.2%
They’re young...they’re in love...and they kill people.Bonnie and Clyde
42.1%
You won't believe your eye.Monsters, Inc.
41.8%
Nice planet. We'll take it!Mars Attacks!
36.9%
Their war. Our world. Transformers
34.4%
Fear can hold you prisoner, hope can set you free.The Shawshank Redemption
34.3%
The mission is a man.Saving Private Ryan
31.4%
We are not alone.Close Encounters of the Third Kind
30.8%
There’s something about your first piece.American Pie
29.6%
Tagline Movie Title % Correct
A family comedy without the family.Home Alone
25.9%
With the right song and dance, you can get away with murder. Chicago
25%
They say there's nothing new under the sun. But under the ground...Tremors
23.5%
Get ready for rush hour.Speed
22.9%
Earth. It was fun while it lasted.Armageddon
20.9%
He's a big city plastic surgeon...in a small town that doesn't take plastic.Doc Hollywood
20.4%
The Media Made Them Superstars.Natural Born Killers
18.8%
There is no gene for the human spirit. Gattaca
12.2%
Man is the warmest place to hide.The Thing
8.8%
Not that it matters, but most of it is true.Butch Cassidy and the Sundance Kid
3.6%

From the Vault

Harry Potter: Cluedo Murders

by annsof44

The killing curses are flying all over the place in here.
Remove Ads.
Support Sporcle.
Get the best of Sporcle when you Go Orange. This ad-free experience offers more features, more stats, and more fun while also helping to support Sporcle. Thank you for becoming a member.

Show Comments

Extras

Top Quizzes Today


Score Distribution

Your Account Isn't Verified!

In order to create a playlist on Sporcle, you need to verify the email address you used during registration. Go to your Sporcle Settings to finish the process.

Report this User

Report this user for behavior that violates our Community Guidelines.

Details: